00686 2200205 4500001002100000005001700021008004100038035002400079040001200103082001400115090001900129100001600148245015700164260004100321300003000362500003100392650002700423850001200450990001800462INLIS00000000002291520160926115922.0  0010-091600000000687 aYOPDYOG 223a022.7 aSK 022.7 Ahm E aAHMAD YASIR aEvaluasi pencahayaan di ruang baca terhadap kenyamanan pemustaka di Badan Perpustakaan dan Arsip Daerah (BPAD) Daerah Istimewa Yogyakartac/ Ahmad Yasir aYogyakartabUIN Sunan Kalijagac2013 axviii, 109 hlm.c; 30 cm. aSkripsi UIN Sunan Kalijaga aErgonomi, Perpustakaan aYOPDYOG a46140-PD/A.15